Online
Catalog

Discursos del rector : abril del 2005 - abril de 2017 / (Record no. 50456)

MARC details
000 -CABECERA
campo de control de longitud fija 00986nam a22002657a 4500
003 - IDENTIFICADOR DEL NÚMERO DE CONTROL
campo de control DO-SdBNP
005 - FECHA Y HORA DE LA ÚLTIMA TRANSACCIÓN
campo de control 20240423141545.0
007 - CAMPO FIJO DE DESCRIPCIÓN FÍSICA--INFORMACIÓN GENERAL
campo de control de longitud fija ta
008 - DATOS DE LONGITUD FIJA--INFORMACIÓN GENERAL
campo de control de longitud fija 210909e2017 a|||| |||| 00| 0aspa d
040 ## - FUENTE DE LA CATALOGACIÓN
Centro catalogador/agencia de origen DO-SdBNP
Lengua de catalogación spa
Centro/agencia transcriptor BNPHU
082 #4 - NÚMERO DE LA CLASIFICACIÓN DECIMAL DEWEY
Número de edición 22
Número de clasificación 378.11107293
Número de documento/Ítem F438d
100 1# - ENTRADA PRINCIPAL--NOMBRE DE PERSONA
Nombre de persona Fiallo Calderón, Miguel,
Fechas asociadas al nombre 1948-
9 (RLIN) 75903
245 10 - MENCIÓN DE TÍTULO
Título Discursos del rector : abril del 2005 - abril de 2017 /
Mención de responsabilidad, etc. Miguel Fiallo Calderón
250 ## - MENCIÓN DE EDICIÓN
Resto de la mención de edición Nathalie Almonte
260 ## - PUBLICACIÓN, DISTRIBUCIÓN, ETC.
Lugar de publicación, distribución, etc. Santo Domingo :
Nombre del editor, distribuidor, etc. UNPHU,
Fecha de publicación, distribución, etc. [2017].
300 ## - DESCRIPCIÓN FÍSICA
Extensión 232 p. :
Otras características físicas il.; retrs. ;
Dimensiones 22 cm.
500 ## - NOTA GENERAL
Nota general 50 aniversario (1966-2016).
590 ## - NOTA LOCAL (RLIN)
Nota local Inventariado, 2021 S/A
650 4# - PUNTO DE ACCESO ADICIONAL DE MATERIA--TÉRMINO DE MATERIA
Término de materia o nombre geográfico como elemento de entrada Educación superior
9 (RLIN) 79807
Subdivisión geográfica República Dominicana
650 4# - PUNTO DE ACCESO ADICIONAL DE MATERIA--TÉRMINO DE MATERIA
Término de materia o nombre geográfico como elemento de entrada Discursos
Subdivisión general Universidad Nacional Pedro Henríquez Ureña
Subdivisión cronológica República Dominicana
9 (RLIN) 79816
650 4# - PUNTO DE ACCESO ADICIONAL DE MATERIA--TÉRMINO DE MATERIA
Término de materia o nombre geográfico como elemento de entrada Ensayos
Subdivisión general Conferencias
9 (RLIN) 79808
Subdivisión geográfica República Dominicana
710 ## - PUNTO DE ACCESO ADICIONAL--NOMBRE DE ENTIDAD CORPORATIVA
Nombre de entidad corporativa o nombre de jurisdicción como elemento de entrada Departamento de Mercadeo y Comunicaciones UPHU
Término indicativo de función/relación Fotografía
9 (RLIN) 79817
910 ## - DATOS DE OPCIÓN DEL USUARIO (OCLC)
Datos de opción del usuario Saquino
942 ## - ELEMENTOS DE PUNTO DE ACCESO ADICIONAL (KOHA)
Fuente del sistema de clasificación o colocación Dewey Decimal Classification
Tipo de ítem Koha Libro
Holdings
Estado de retiro Estado de pérdida Fuente del sistema de clasificación o colocación Restricciones de uso No para préstamo Código de colección Localización permanente Ubicación/localización actual Ubicación en estantería Fecha de adquisición Fuente de adquisición Total de préstamos Signatura topográfica completa Código de barras Fecha visto por última vez Precio válido a partir de Tipo de ítem Koha Nota pública Número de copia
    Dewey Decimal Classification   Préstamo en sala Monografías: Libros y Folletos Biblioteca Nacional Pedro Henríquez Ureña Dominicana En catalogación 30.01.2019 Deposito Legal   BNPHU DS 378.11107293 F438d 2021-26283 09.09.2021 09.09.2021 Libro S/A e.3
    Dewey Decimal Classification Excluido de préstamo   Monografías: Libros y Folletos Biblioteca Nacional Pedro Henríquez Ureña Patrimonio Dominicano En catalogación 30.01.2019 Deposito Legal   BNPHU PD 378.11107293 F438d 2021-26262 09.09.2021 09.09.2021 Libro S/A  
    Dewey Decimal Classification Excluido de préstamo   Monografías: Libros y Folletos Biblioteca Nacional Pedro Henríquez Ureña Patrimonio Dominicano En catalogación 30.01.2019 Deposito Legal   BNPHU PD 378.11107293 F438d 2021-26263 09.09.2021 09.09.2021 Libro S/A e.2

Powered by Koha